00542nam a2200205 i 450000100060000000300090000600500170001500700030003200800410003502000180007608000100009410000260010424500610013026000430019130000210023449000110025565000260026683000110029285200330030332043ES-MaACL20230906154512.0t|021129s1984 sp ||||1| spa d a84-256-0413-3 a82.081 aGarcía Viñó, M.10aCómo escribir una novela / cpor M. García Viñó. aMadrid : bIbérico Europea, c[1984] a99 p. ; c21 cm.1 aCómo14aCreación literaria.0 aCómo aES-MaACLjL-26095 bR.131824